Povinnosti zamestnávateľa

Predzmluvné vzťahy. Povinnosti počas trvania pracovnoprávneho vzťahu. Mzda za prácu nadčas. Mzda a náhrada mzdy za sviatok. Povinnosti pri zániku pracovnoprávneho vzťahu. Povinnosti pri škodách a ich predchádzaniu. Inšpektoráty práce.

Guardado en:
Detalles Bibliográficos
Autor principal: Surový, Martin
Formato: Capítulo de libro
Lenguaje:eslovaco
Materias:
Etiquetas: Agregar Etiqueta
Sin Etiquetas, Sea el primero en etiquetar este registro!

MARC

LEADER 00000naa a2200000 4500
001 0273639
005 20210513141104.7
041 0 |a slo 
044 |a SK 
245 1 0 |a Povinnosti zamestnávateľa  |c Martin Surový 
520 |a Predzmluvné vzťahy. Povinnosti počas trvania pracovnoprávneho vzťahu. Mzda za prácu nadčas. Mzda a náhrada mzdy za sviatok. Povinnosti pri zániku pracovnoprávneho vzťahu. Povinnosti pri škodách a ich predchádzaniu. Inšpektoráty práce. 
610 2 0 |a vzťahy pracovnoprávne 
610 2 0 |a vzťahy pracovné 
610 2 0 |a povinnosti pracovníkov 
610 2 0 |a povinnosti zamestnávateľov 
610 2 0 |a inšpekcia štátna 
100 1 |a Surový, Martin